000 02716cam a2200349 i 4500
001 768714001
003 CO-MdFUSB
005 20231108102006.0
007 ta
008 780705t19781979nyu b 000 0 eng
020 _a0671250671
040 _aDLC
_bspa
_cCO-MdFUSB
_dCO-MdFUSB
_erda
041 _aeng
082 0 0 _223
_a158.1
_bP367
100 1 _aPeck, M. Scott
_d1936-2005.
_eautor
245 1 4 _aThe road less traveled
_b: a new psychology of love, traditional values, and spiritual growth
_c/ M. Scott Peck
264 1 _aNew York :
_bSimon and Schuster,
_c1979
264 4 _c©1978
300 _a312 páginas ;
_c23 cm
336 _atexto
_btxt
_2rdacontent.
337 _asin mediación
_bn
_2rdamedia.
338 _avolumen
_bnc
_2rdacarrier.
490 0 _aA Touchstone book.
504 _aIncluye referencias bibliográficas.
505 _aI. Disciplina -- Problemas y dolores -- Demora de la gratificación -- Los pecados del padre -- Resolución de problemas y tiempo -- Responsabilidad -- Neurosis y trastornos del carácter -- Huida de la libertad -- Dedicación a la realidad -- Transferencia : la mapa obsoleto -- Apertura al desafío -- Ocultar la verdad -- Equilibrar -- La salubridad de la depresión -- Renuncia y renacimiento -- II. Amor -- Amor definido -- Enamorarse -- El mito del amor romántico -- Más sobre los límites del ego -- Dependencia -- Investidura sin amor -- "Autosacrificio" -- El amor no es un sentimiento -- El trabajo de atención -- El riesgo de pérdida -- El riesgo de independencia -- El riesgo de compromiso -- El riesgo de confrontación -- El amor es disciplinado -- El amor es separación -- Amor y psicoterapia -- El misterio del amor -- III. Crecimiento y religión -- Visiones del mundo y religión -- La religión de la ciencia -- El caso de Kathy -- El caso de Marcia -- El caso de Theodore -- El bebé y el agua del baño -- Visión científica en túnel -- IV. La gracia -- El milagro de la salud -- El milagro del inconsciente -- El milagro de la serendipia -- La definición de la gracia -- El milagro de la evolución -- El alfa y el omega -- La entropía y el pecado original -- El problema de la el mal -- La evolución de la conciencia -- La naturaleza del poder -- La gracia y la enfermedad mental : el mito de Orestes -- La resistencia a la gracia -- La acogida de la gracia.
520 _aUn psiquiatra sugiere formas en las que confrontar y resolver problemas, un proceso doloroso que la mayoría de las personas trata de evitar, puede conducir a una mayor comprensión de sí mismo y crecimiento espiritual.
563 _aRústico
650 7 _aPsicología
_96973
942 _cBK
945 _aJTF-925
999 _c68662
_d68662